The lexicon as bridge between phrase structure compononents

Bibliographic Details
Published in:Phrase structure and the lexicon, ed. by Johan Rooryck and Laurie Zaring, Dordrecht, 1996, p. 173-186 (Studies in natural language and linguistic theory)
Main Author: Sadock, Jerrold M.
Content type: Article
Published: 1996
Source:MPIPL_cat

MARC

LEADER 00000naa a2200000 u 4500
001 PL0078293
003 PLI01000000000000000076155
005 00000000000000.0
008 ||| u
100 1 |a Sadock, Jerrold M. 
245 0 4 |a The lexicon as bridge between phrase structure compononents  |c Jerrold M. Sadock 
260 |c 1996 
773 0 8 |t Phrase structure and the lexicon  |a ed. by Johan Rooryck and Laurie Zaring  |d Dordrecht, 1996  |g p. 173-186  |k Studies in natural language and linguistic theory  |w MPIPL_cat.PL0067361  |z 0-7923-3745-X  |i In: 
952 |j 1996  |h p. 173-186 
996 |a Aufsatz 
997 |a book chapter